| 000 | 00452nam a2200133 a 4500 | ||
|---|---|---|---|
| 008 | 120416s1965 ||||||||||||||||| || u | ||
| 050 | _aDT 365 His | ||
| 100 | _aChilver, E. M | ||
| 245 | 1 | 2 | _aA history of East Africa |
| 246 | _avolume II | ||
| 260 |
_aOxford _bClarendon _c1965 |
||
| 350 | _a0.00 | ||
| 995 |
_D0.00 _FCBU-MAIN LIBRARY (Kitwe) _H1 _I45.00 _UAVAILABLE _ZMain Library Open Access Collection |
||
| 999 |
_c45590 _d45590 |
||